000 01005cam a2200289 a 4500
001 4906596
003 ARRUPE
005 20150225141223.0
008 940916s1995 ilua b 001 0deng
010 _a 94024362
020 _a0812692594
020 _a0812692608 (pbk.)
040 _aDLC
_cDLC
_dDLC
050 0 0 _aB2430.R553
_bP48 1995
082 0 0 _a194
_220
100 _aHahn, Lewis Edwin
_910294
245 0 4 _aThe Philosophy of Paul Ricoeur /
_cedited by Lewis Edwin Hahn.
260 _aChicago :
_bOpen Court,
_cc1995.
300 _axviii, 828 p. :
_bill. ;
_c24 cm.
440 4 _aThe library of living philosophers ;
_vv. 22
_915549
504 _aIncludes bibliographical references (p. [611]-815) and index.
600 1 0 _aRicœur, Paul.
_915550
700 1 _aHahn, Lewis Edwin,
_d1908-2004.
_915551
906 _a7
_bcbc
_corignew
_d1
_eocip
_f19
_gy-gencatlg
942 _2lcc
_cMONOGRAPH
999 _c122197
_d122197